Problems Supplement to Accompany Vector Mechanics for Engineers: Statistics (Record no. 2019)

MARC details
005 - DATE AND TIME OF LATEST TRANSACTION
control field 20250625132148.0
020 ## - INTERNATIONAL STANDARD BOOK NUMBER
International Standard Book Number 0-07-244350-2
082 ## - DEWEY DECIMAL CLASSIFICATION NUMBER
Classification number LM 620.103 BEE
100 ## - MAIN ENTRY--PERSONAL NAME
Author name BEER, F. P.
245 ## - TITLE STATEMENT
Title Problems Supplement to Accompany Vector Mechanics for Engineers: Statistics
250 ## - EDITION STATEMENT
Edition statement 6th Ed.
260 ## - PUBLICATION, DISTRIBUTION, ETC.
Place of publication, distribution, etc. Boston,
Name of publisher, distributor, etc. McGraw Hill,
Date of publication, distribution, etc. 2001.
300 ## - PHYSICAL DESCRIPTION
Extent 96p.: ill.
Dimensions 26cm.
700 ## - ADDED ENTRY--PERSONAL NAME
Other authors/Editors JOHNSTON, E. R.
856 ## - ELECTRONIC LOCATION AND ACCESS
Link text Access Book Online
Electronic name Problems Supplement to Accompany Vectors Mechanics for Engineers
Path www.mhhe.com
942 ## - ADDED ENTRY ELEMENTS (KOHA)
Source of classification or shelving scheme Dewey Decimal Classification
Koha item type Books
Holdings
Date last seen Total checkouts Full call number Barcode Cost, replacement price Price effective from Koha item type Lost status Source of classification or shelving scheme Damaged status Not for loan Withdrawn status Home library Current library Shelving location Date acquired Cost, normal purchase price
05/06/2025   LM 620.103 BEE 0000007261 51000.00 05/06/2025 Books   Dewey Decimal Classification       College of Business Education Main Library College of Business Education Main Library General Collection 03/01/2004 17000.00
05/06/2025   LM 620.103 BEE 0000007262 51000.00 05/06/2025 Books   Dewey Decimal Classification       College of Business Education Main Library College of Business Education Main Library General Collection 03/01/2004 17000.00
05/06/2025   LM 620.103 BEE 0000007263 51000.00 05/06/2025 Books   Dewey Decimal Classification       College of Business Education Main Library College of Business Education Main Library General Collection 03/01/2004 17000.00
05/06/2025   LM 620.103 BEE 0000007264 51000.00 05/06/2025 Books   Dewey Decimal Classification       College of Business Education Main Library College of Business Education Main Library General Collection 03/01/2004 17000.00
05/06/2025   LM 620.103 BEE 0000007265 51000.00 05/06/2025 Books   Dewey Decimal Classification       College of Business Education Main Library College of Business Education Main Library General Collection 03/01/2004 17000.00
05/06/2025   LM 620.103 BEE 0000007266 51000.00 05/06/2025 Books   Dewey Decimal Classification       College of Business Education Main Library College of Business Education Main Library General Collection 03/01/2004 17000.00